00643 2200205 4500001002100000005001500021035002000036007000300056008004100059020001800100082001100118084001700129100003900146245008900185250001100274260007800285300003800363650002500401990001100426INLIS00000000000777120210329103009 a0010-0321001141ta210329 g 0 ind  a9789791963466 a915.98 a915.98 DRS o0 aDrs. Akhmad Elvian, Taufik Hidayat1 aOrganisasi Sosial Suku Bangsa Melayu Di Tuatunu /cDrs. Akhmad Elvian,Taufik Hidayat aCet. 1 aPangkalpinang :bDinas Kebudayaan, Pariwisata, Pemuda dan Olahraga,c2010 aviii,118 hlm :b. ;c14,5 x 21 cm 4aKEBUDAYAAN INDONESIA a4087 a